Taylor Swift - Paroles CANCELLED! - Statistiques

Statistiques générales
  • Ce quiz a été pris 81 fois
    69 depuis la dernière actualisation
  • Le résultat moyen est 326 sur 388
Statistiques - réponses
Hint Réponse % Correct
a
100%
friends
100%
Gucci
100%
I
100%
(I
100%
it
100%
it),
100%
it)
100%
my
100%
then
100%
be
98%
cancelled
98%
(Cancelled)
98%
Couplet 2 | Refrain It's
98%
it's
98%
know
98%
like
98%
Like
98%
(Ooh)
98%
The
98%
the
98%
to
98%
we
98%
Couplet 1 You
98%
you
98%
(You
98%
and
95%
And
95%
Refrain Good
95%
good?
95%
good,
95%
good
95%
scandal
95%
So
95%
thing
95%
who
95%
are
93%
are)
93%
at
93%
At
93%
in
93%
matching
93%
of
93%
one
93%
ones
93%
scars
93%
that
93%
that)
93%
they
93%
Bridge They
93%
with
93%
your
93%
But
90%
just
90%
too
90%
where
90%
poison
88%
sour,
88%
sour
88%
They're
88%
Welcome
88%
could
85%
could?
85%
Pré-refrain Did
85%
exactly
85%
for
85%
least
85%
me,
85%
me
85%
underworld
85%
underworld,
85%
art
83%
can't
83%
Can't
83%
caught
83%
'em
83%
first
83%
flowers
83%
getting
83%
I'm
83%
love
83%
man
83%
man,
83%
never
83%
no
83%
before
80%
better
80%
by
80%
dark
80%
everyone
80%
her"
80%
okay,
80%
thought
80%
when
80%
whiskey
80%
would
80%
you're
80%
course
78%
fun?
78%
gets
78%
hand
78%
if
78%
joke
78%
learn
78%
make
78%
much
78%
not
78%
only
78%
quite
78%
soon,
78%
take
78%
thorny
78%
was
78%
you'll
78%
got
76%
here
76%
Or
76%
popular
76%
stood
76%
all
73%
believed
73%
bodies
73%
catch
73%
close
73%
easy
73%
innocent
73%
Were
73%
We're
73%
attic
71%
ends
71%
Everyone's
71%
far
71%
off
71%
own
71%
saved,
71%
see
71%
situation
71%
sun?
71%
Baby,
68%
Come
68%
having
68%
is
68%
sharp
68%
somebody's
68%
tonight
68%
took
68%
(Yeah)
68%
Yeah,
68%
broken
66%
fucking
66%
run
66%
this
66%
break
63%
glass
63%
loves
63%
they'll
63%
bring
61%
cloaked
61%
company?
61%
exoneration
61%
fight?
61%
girlboss
61%
heart
61%
infamy
61%
it'll
61%
lot
61%
more
61%
Now
61%
now
61%
out
61%
tiny
61%
violin
61%
way
61%
handle
59%
let's
59%
they've
59%
we'll
59%
wicked
59%
already
56%
grave
56%
judgment,
56%
knife
56%
picked
56%
prospers
56%
Something
56%
comes
54%
us,
54%
they'd
51%
Beware
49%
shattered
49%
single
49%
drop,
44%
salute
44%
smug
44%
hearse
41%
click,
39%
deaf
34%
masked
34%
"Tone
34%
crusaders
29%
optics
29%
roster
29%
hot,
27%
wrath
24%
(Honey)
15%
Aucun quiz correspondant
Distribution des résultats
% des personnes avec chaque résultat
Percentile par nombre de réponses
Votre historique - résultats
Vous n’avez pas pris ce quiz depuis la dernière actualisation